Basic Music Theory Training for Beginners - Major Key Signatures - Statistics

General Stats
  • This quiz has been taken 65 times
  • The average score is 177 of 225
Answer Stats
Question Tile Select % Correct
D Major No
98%
D Major No
98%
D Major No
98%
D Major No
98%
D Major No
98%
D Major No
98%
D Major No
98%
D Major No
98%
D Major No
98%
D Major No
95%
D Major No
95%
D Major No
95%
D Major No
95%
D Major No
93%
D Major Yes
90%
A♭ Major No
88%
A♭ Major No
88%
A♭ Major No
88%
A♭ Major No
88%
A♭ Major No
88%
A♭ Major No
88%
A♭ Major No
88%
A♭ Major No
88%
A♭ Major No
88%
A♭ Major No
88%
A♭ Major No
85%
A♭ Major No
85%
B Major No
85%
B Major No
85%
B Major No
85%
B Major No
85%
B Major No
85%
B Major No
85%
B Major No
85%
C Major No
85%
C Major No
85%
C Major No
85%
C Major No
85%
C Major No
85%
C Major No
85%
C Major No
85%
C Major No
85%
C Major No
85%
C Major No
85%
C Major No
85%
C Major No
85%
C Major No
85%
A♭ Major No
83%
B Major No
83%
B Major No
83%
B Major No
83%
C Major No
83%
C Major Yes
83%
G Major No
83%
G Major No
83%
G Major No
83%
G Major No
83%
G Major No
83%
G Major No
83%
G Major No
83%
G Major No
83%
G Major No
83%
G Major No
83%
G Major No
83%
G Major No
83%
A♭ Major No
80%
B Major No
80%
B Major No
80%
B Major No
80%
B Major No
80%
A Major No
80%
A Major No
80%
A Major No
80%
A Major No
80%
A Major No
80%
A Major No
80%
A Major No
80%
A Major No
80%
A Major No
80%
A Major No
80%
A Major No
80%
A Major No
80%
F Major No
80%
F Major No
80%
F Major No
80%
F Major No
80%
F Major No
80%
F Major No
80%
F Major No
80%
F Major No
80%
F Major No
80%
F Major No
80%
F Major No
80%
F Major No
80%
F Major No
80%
G Major No
80%
G Major No
80%
A Major No
78%
A Major No
78%
F Major No
78%
F Major Yes
78%
C# Major No
78%
C# Major No
78%
C# Major No
78%
C# Major No
78%
C# Major No
78%
C# Major No
78%
C# Major No
78%
C# Major No
78%
C# Major No
78%
C# Major No
78%
C# Major No
78%
F# Major No
78%
F# Major No
78%
F# Major No
78%
F# Major No
78%
F# Major No
78%
F# Major No
78%
F# Major No
78%
F# Major No
78%
F# Major No
78%
F# Major No
78%
C♭ Major No
78%
C♭ Major No
78%
C♭ Major No
78%
C♭ Major No
78%
C♭ Major No
78%
C♭ Major No
78%
C♭ Major No
78%
C♭ Major No
78%
C♭ Major No
78%
C♭ Major No
78%
C♭ Major No
78%
G Major Yes
78%
E♭ Major No
78%
E♭ Major No
78%
E♭ Major No
78%
E♭ Major No
78%
E♭ Major No
78%
E♭ Major No
78%
E♭ Major No
78%
E♭ Major No
78%
E♭ Major No
78%
E♭ Major No
78%
E♭ Major No
78%
G♭ Major No
78%
G♭ Major No
78%
G♭ Major No
78%
G♭ Major No
78%
G♭ Major No
78%
G♭ Major No
78%
G♭ Major No
78%
G♭ Major No
78%
G♭ Major No
78%
D♭Major No
75%
D♭Major No
75%
D♭Major No
75%
D♭Major No
75%
D♭Major No
75%
D♭Major No
75%
D♭Major No
75%
D♭Major No
75%
D♭Major No
75%
D♭Major No
75%
D♭Major No
75%
D♭Major No
75%
A Major Yes
75%
B♭ Major No
75%
B♭ Major No
75%
B♭ Major No
75%
B♭ Major No
75%
B♭ Major No
75%
B♭ Major No
75%
B♭ Major No
75%
B♭ Major No
75%
B♭ Major No
75%
B♭ Major No
75%
B♭ Major No
75%
C# Major No
75%
F# Major No
75%
F# Major No
75%
C♭ Major No
75%
C♭ Major No
75%
E♭ Major No
75%
E♭ Major No
75%
G♭ Major No
75%
G♭ Major No
75%
G♭ Major No
75%
D♭Major No
73%
B♭ Major No
73%
B♭ Major No
73%
C# Major No
73%
F# Major No
73%
E♭ Major No
73%
G♭ Major No
73%
A♭ Major Yes
70%
D♭Major No
70%
C# Major No
70%
G♭ Major No
70%
D♭Major Yes
68%
B♭ Major No
68%
F# Major No
68%
E♭ Major Yes
68%
E Major No
68%
E Major No
68%
E Major No
68%
E Major No
68%
E Major No
68%
E Major No
68%
E Major No
68%
E Major No
68%
E Major No
68%
E Major No
68%
C♭ Major No
65%
E Major No
65%
E Major No
65%
E Major No
65%
B♭ Major Yes
63%
C# Major Yes
63%
E Major No
63%
C♭ Major Yes
60%
B Major Yes
58%
F# Major Yes
58%
G♭ Major Yes
58%
E Major Yes
55%
No matching quizzes found
Score Distribution
Percent of People with Each Score
Percentile by Number Answered
Your Score History
You have not taken this quiz